[Event "David Gee TNM"]
[Site "San Francisco"]
[Date "2005.10.04"]
[Round "7"]
[White "Kastor, Mark"]
[Black "Purcell, Brendan"]
[Result "1/2-1/2"]
[WhiteElo "1657"]
[BlackElo "1825"]
[PlyCount "48"]
[EventDate "2005.08.23"]
[EventType "swiss"]
[EventRounds "8"]
[EventCountry "USA"]

1. e4 c5 2. Nf3 d6 3. d4 cxd4 4. Nxd4 Nf6 5. Nc3 g6 6. f3 Bg7 7. Be3 Nc6 8. Qd2
O-O 9. O-O-O d5 10. Nxc6 bxc6 11. Bh6 Be6 12. Bxg7 Kxg7 13. exd5 cxd5 14. Qd4
Qa5 15. g4 Kg8 16. h4 Rfd8 17. h5 Qb6 18. hxg6 fxg6 19. Qxb6 axb6 20. Rd4 Bf7
21. a3 e5 22. Rd2 d4 23. Ne4 Nxe4 24. fxe4 Be6 1/2-1/2

[Event "David Gee TNM"]
[Site "San Francisco"]
[Date "2005.10.04"]
[Round "7"]
[White "Litowsky, Dan"]
[Black "Chen, Mingson"]
[Result "0-1"]
[WhiteElo "1700"]
[BlackElo "1934"]
[PlyCount "68"]
[EventDate "2005.08.23"]
[EventType "swiss"]
[EventRounds "8"]
[EventCountry "USA"]

1. e4 c5 2. Nc3 a6 3. Nf3 e6 4. Be2 Nc6 5. d3 d6 6. Bf4 Nge7 7. O-O Ng6 8. Bg3
Be7 9. h3 O-O 10. Qd2 Bd7 11. a3 Qb6 12. b3 Qc7 13. Rab1 Nd4 14. Nxd4 cxd4 15.
Nd1 Rac8 16. Rb2 b5 17. f4 f5 18. Nf2 Nh4 19. Bd1 Kh8 20. b4 Bf6 21. Qe2 Rce8
22. Qh5 Ng6 23. Qe2 Bc8 24. Rb1 Bb7 25. Qh5 Qc3 26. Rb3 Qd2 27. Qe2 Qe3 28. Kh2
Rc8 29. Qxe3 dxe3 30. exf5 exf5 31. Nh1 Rfe8 32. Re1 Bc3 33. Re2 Bd5 34. Rb1
Ba2 0-1

[Event "David Gee TNM"]
[Site "San Francisco"]
[Date "2005.10.04"]
[Round "7"]
[White "Moore, Randolph"]
[Black "Dupree, Charles"]
[Result "1/2-1/2"]
[WhiteElo "1632"]
[BlackElo "1896"]
[PlyCount "60"]
[EventDate "2005.08.23"]
[EventType "swiss"]
[EventRounds "8"]
[EventCountry "USA"]

1. e4 c5 2. Nf3 e6 3. d4 cxd4 4. Nxd4 a6 5. Nc3 Qc7 6. Bd3 Nc6 7. Nde2 Nf6 8.
Bf4 d6 9. a3 Be7 10. Qd2 b5 11. h3 Bb7 12. Ng3 h6 13. Nce2 Nd7 14. Rc1 Nce5 15.
Bxe5 Nxe5 16. Qc3 Qb6 17. Qd4 Qxd4 18. Nxd4 Rc8 19. O-O Bf6 20. Nh5 Nc4 21.
Nxf6+ gxf6 22. Bxc4 Rxc4 23. c3 Rg8 24. f3 Rc5 25. Kf2 Ke7 26. Rcd1 a5 27. Rg1
d5 28. Nb3 Rc7 29. Nxa5 Ba8 30. Rge1 dxe4 1/2-1/2

[Event "David Gee TNM"]
[Site "San Francisco"]
[Date "2005.10.04"]
[Round "7"]
[White "Ossipov, Victor"]
[Black "Sainz, Guadalupe"]
[Result "1-0"]
[WhiteElo "2157"]
[BlackElo "1705"]
[PlyCount "96"]
[EventDate "2005.08.23"]
[EventType "swiss"]
[EventRounds "8"]
[EventCountry "USA"]

1. d4 Nf6 2. Nf3 b6 3. Bf4 e6 4. e3 Bb7 5. Nbd2 d5 6. Bd3 Bd6 7. O-O O-O 8. c3
Bxf4 9. exf4 Nbd7 10. f5 Re8 11. fxe6 Rxe6 12. Qc2 h6 13. Rfe1 Rxe1+ 14. Rxe1
c5 15. Nf1 Rc8 16. Ng3 Nf8 17. Qe2 Qe8 18. Qd2 Qd8 19. Bf5 Rb8 20. Qf4 Bc6 21.
Ne5 Qd6 22. Qd2 Bb5 23. Bb1 Ne6 24. Nf5 Qf8 25. Bd3 Be8 26. Re3 Ng5 27. Qe2
cxd4 28. Nxd4 Nge4 29. f3 Ng5 30. h4 Ngh7 31. Bxh7+ Kxh7 32. Qa6 Ra8 33. Qb7
Rd8 34. Qxa7 Qc5 35. b4 Qd6 36. Qa6 g6 37. Qd3 Nh5 38. Ne2 Ra8 39. a3 Rxa3 40.
Nxg6 fxg6 41. Rxe8 Qxb4 42. Qxg6+ Kxg6 43. cxb4 Rb3 44. Re6+ Kg7 45. Rxb6 Rb2
46. Kf1 Rb1+ 47. Kf2 Rb2 48. Ke3 Rb3+ 1-0

[Event "David Gee TNM"]
[Site "San Francisco"]
[Date "2005.10.04"]
[Round "7"]
[White "Perepelitsky, Edward"]
[Black "Sherwood, Peter"]
[Result "1-0"]
[WhiteElo "1974"]
[BlackElo "1705"]
[PlyCount "77"]
[EventDate "2005.08.23"]
[EventType "swiss"]
[EventRounds "8"]
[EventCountry "USA"]

1. d4 Nf6 2. c4 g6 3. Nc3 d5 4. cxd5 Nxd5 5. e4 Nxc3 6. bxc3 Bg7 7. Bc4 c5 8.
Ne2 Nc6 9. Be3 O-O 10. O-O Bg4 11. f3 Na5 12. Bd3 Bd7 13. d5 b6 14. Qc1 Nb7 15.
Bh6 Nd6 16. Bxg7 Kxg7 17. c4 Rc8 18. e5 Ne8 19. Qc3 Kg8 20. Ng3 Ng7 21. Qd2 Rb8
22. Rad1 Qc8 23. Ne4 Bf5 24. Qg5 Bxe4 25. fxe4 Rb7 26. Rf3 Qd8 27. Qh6 f5 28.
Rh3 Nh5 29. exf5 e6 30. g4 exf5 31. gxh5 g5 32. Rg3 Rg7 33. Kh1 Qe7 34. Rdg1 g4
35. Qf4 Qh4 36. Bxf5 Qxh5 37. Be6+ Rff7 38. Bxf7+ Qxf7 39. Rxg4 1-0

[Event "David Gee TNM"]
[Site "San Francisco"]
[Date "2005.10.04"]
[Round "7"]
[White "Salinas, Chad"]
[Black "Salvo, Tab"]
[Result "1-0"]
[WhiteElo "1951"]
[BlackElo "1651"]
[PlyCount "80"]
[EventDate "2005.08.23"]
[EventType "swiss"]
[EventRounds "8"]
[EventCountry "USA"]

1. d4 Nf6 2. c4 g6 3. Nc3 Bg7 4. Nf3 O-O 5. Bg5 d6 6. e3 Na6 7. Be2 c5 8. d5
Nc7 9. O-O a6 10. a4 Rb8 11. a5 b6 12. axb6 Rxb6 13. Ra2 Bd7 14. Qc2 Qb8 15.
Nd2 e6 16. Nce4 Nxe4 17. Nxe4 f5 18. Nc3 exd5 19. cxd5 Rb4 20. Be7 Re8 21. Bxd6
Qb6 22. Bxc7 Qxc7 23. Bxa6 Reb8 24. Be2 Be5 25. g3 Qb7 26. Rb1 Bxc3 27. Qxc3
Qxd5 28. Ra7 R8b7 29. Ra8+ Kf7 30. Qh8 Bc6 31. Qxh7+ Kf6 32. Rf8+ Rf7 33. Rxf7+
Qxf7 34. Qh8+ Qg7 35. Qd8+ Ke6 36. Rd1 Qe7 37. Qg8+ Kf6 38. Qh8+ Ke6 39. Qg8+
Ke5 40. Qd8 Qf7 {final moves not clear} 1-0

[Event "David Gee TNM"]
[Site "San Francisco"]
[Date "2005.10.04"]
[Round "7"]
[White "Samatra, Mario"]
[Black "Ladyzhensky, Boris"]
[Result "0-1"]
[WhiteElo "1900"]
[BlackElo "1723"]
[PlyCount "122"]
[EventDate "2005.08.23"]
[EventType "swiss"]
[EventRounds "8"]
[EventCountry "USA"]

1. d4 Nf6 2. c4 g6 3. Nc3 d5 4. cxd5 Nxd5 5. e4 Nxc3 6. bxc3 Bg7 7. Bc4 O-O 8.
Ne2 c5 9. Be3 cxd4 10. cxd4 Nc6 11. O-O Bg4 12. f3 Bd7 13. Rc1 a6 14. Qd2 Na5
15. Bd3 b5 16. Rc5 Qb6 17. Rfc1 Rac8 18. d5 Bh6 19. f4 Rxc5 20. Bxc5 Qd8 21.
Bxe7 Qxe7 22. Qxa5 Bg4 23. Rc7 Qf6 24. e5 Qd8 25. d6 Bxe2 26. Bxe2 Bxf4 27. Qc3
Qg5 28. Re7 Bd2 29. Qf3 Bf4 30. Qd5 Be3+ 31. Kh1 Qf5 32. Bf3 Rc8 33. Rc7 Rf8
34. g4 Qb1+ 35. Bd1 Qb2 36. Rc2 Qb4 37. Re2 Qf4 38. Qg2 Re8 39. d7 Rd8 40. Rxe3
Qxe3 41. Qd5 Qg5 42. Qd6 Qf4 43. Kg2 Qe4+ 44. Bf3 Qc2+ 45. Kg3 Qc4 46. Bd5 Qd3+
47. Kh4 g5+ 48. Kxg5 Qg6+ 49. Qxg6+ hxg6 50. e6 fxe6 51. Bxe6+ Kg7 52. h4 b4
53. h5 gxh5 54. gxh5 a5 55. h6+ Kh8 56. Kf6 a4 57. Ke7 b3 58. axb3 $6 ({
winning was} 58. Kxd8 b2 (58... bxa2 59. Bxa2) 59. Bf5) 58... Rxd7+ 59. Bxd7 $2
(59. Kxd7 axb3 60. Bf5 $1 ({not} 60. Bxb3 Kh7 {draw})) 59... a3 60. b4 a2 61.
b5 a1=Q {and B won several moves later} 0-1

[Event "David Gee TNM"]
[Site "San Francisco"]
[Date "2005.10.04"]
[Round "7"]
[White "Todortsev, Victor"]
[Black "D'Aloisio, Tony"]
[Result "0-1"]
[WhiteElo "1941"]
[BlackElo "2210"]
[PlyCount "58"]
[EventDate "2005.08.23"]
[EventType "swiss"]
[EventRounds "8"]
[EventCountry "USA"]

1. d4 Nf6 2. c4 g6 3. Nc3 Bg7 4. Nf3 O-O 5. e4 d6 6. Be2 e5 7. d5 Nh5 8. Bg5 f6
9. Bh4 Nf4 10. Bf1 g5 11. Bg3 f5 12. Bxf4 exf4 13. h4 g4 14. Ng5 h6 15. Ne6
Bxe6 16. dxe6 Bxc3+ 17. bxc3 Qf6 18. Be2 h5 19. exf5 Qxf5 20. Qd5 Nc6 21. Bd3
Qe5+ 22. Kd2 Ne7 23. Qxb7 Rab8 24. Qxc7 Rb2+ 25. Bc2 Qe4 26. Rac1 Nf5 27. Rhe1
Ne3 28. fxe3 fxe3+ 29. Kd1 Qd3+ 0-1

[Event "David Gee TNM"]
[Site "San Francisco"]
[Date "2005.10.04"]
[Round "7"]
[White "Wilkerson, Max"]
[Black "Robbins, Chuck"]
[Result "1-0"]
[WhiteElo "1900"]
[BlackElo "1574"]
[PlyCount "94"]
[EventDate "2005.08.23"]
[EventType "swiss"]
[EventRounds "8"]
[EventCountry "USA"]

1. c4 c6 2. d4 d5 3. cxd5 cxd5 4. Nf3 Nf6 5. Nc3 Nc6 6. g3 e6 7. Bg2 Be7 8. O-O
O-O 9. a3 a6 10. Re1 b5 11. b4 Bb7 12. Bb2 Qb6 13. Qd3 Rfd8 14. Rad1 Rac8 15.
Qb1 Bd6 16. e4 dxe4 17. Ng5 Nxd4 18. Rxd4 Be5 19. Rxd8+ Rxd8 20. Ncxe4 Bxb2 21.
Qxb2 Nxe4 22. Nxe4 Bd5 23. Qc2 Qb7 24. Rd1 Rc8 25. Nd6 Rxc2 26. Nxb7 Kf8 27.
Bxd5 exd5 28. Rxd5 Rc3 29. Nc5 Rxa3 30. Rd6 Ra1+ 31. Kg2 a5 32. bxa5 Rxa5 33.
Ra6 Rxa6 34. Nxa6 Ke7 35. Kf3 Kd6 36. Ke4 h5 37. h4 g6 38. Kd4 f6 39. Nb4 g5
40. Nd3 Ke6 41. f3 Kd6 42. Ke4 gxh4 43. gxh4 Ke6 44. Nf4+ Kd6 45. Kd4 Ke7 46.
Nxh5 Kf7 47. Nf4 f5 1-0

[Event "David Gee TNM"]
[Site "San Francisco"]
[Date "2005.10.11"]
[Round "8"]
[White "Barrera, Jorge"]
[Black "Haluk, Akol"]
[Result "0-1"]
[WhiteElo "1372"]
[BlackElo "1127"]
[PlyCount "56"]
[EventDate "2005.08.23"]
[EventType "swiss"]
[EventRounds "8"]
[EventCountry "USA"]

1. d4 d5 2. c4 Nf6 3. Nc3 e6 4. Nf3 h6 5. Bf4 a6 6. e3 Bb4 7. a3 Bxc3+ 8. bxc3
Ne4 9. cxd5 exd5 10. Qc2 Bg4 11. Be2 Bf5 12. O-O g5 13. Bg3 Nxg3 14. Qa4+ Bd7
15. Qb4 Nxe2+ 16. Kh1 b6 17. c4 dxc4 18. Qxc4 Bb5 19. Qb3 Nd7 20. Rfe1 g4 21.
Ne5 Nxe5 22. dxe5 Qe7 23. Qb2 O-O-O 24. Rxe2 Bxe2 25. Qxe2 h5 26. Qxa6+ Kb8 27.
g3 Qxe5 28. Rb1 Qe4+ 0-1

[Event "David Gee TNM"]
[Site "San Francisco"]
[Date "2005.10.11"]
[Round "8"]
[White "Braden, Brian"]
[Black "Allen, Tom"]
[Result "1/2-1/2"]
[WhiteElo "1114"]
[BlackElo "1542"]
[PlyCount "64"]
[EventDate "2005.08.23"]
[EventType "swiss"]
[EventRounds "8"]
[EventCountry "USA"]

1. e4 e5 2. Nf3 Nc6 3. Bb5 f5 4. Bxc6 dxc6 5. Nc3 Bd6 6. d3 Nf6 7. O-O O-O 8.
Bd2 fxe4 9. Nxe4 Bg4 10. Qe2 Nxe4 11. Qxe4 Bxf3 12. gxf3 Rf6 13. Bg5 Rg6 14.
Qxg6 hxg6 15. Bxd8 Rxd8 16. Rae1 Rf8 17. Kg2 Rf5 18. Re2 Be7 19. d4 Bf6 20. c3
exd4 21. cxd4 Bxd4 22. b3 Be5 23. Rfe1 Bd6 24. Re4 a5 25. f4 Bxf4 26. Re8+ Kf7
27. R1e7+ Kf6 28. h4 Bd6 29. Rd7 Rh5 30. Kh3 Rf5 31. Rg8 Rxf2 32. Rxd6+ Kf7
1/2-1/2

[Event "David Gee TNM"]
[Site "San Francisco"]
[Date "2005.10.11"]
[Round "8"]
[White "Capdeville, Barry"]
[Black "Frank, Robert"]
[Result "1-0"]
[WhiteElo "1211"]
[BlackElo "1241"]
[PlyCount "41"]
[EventDate "2005.08.23"]
[EventType "swiss"]
[EventRounds "8"]
[EventCountry "USA"]

1. e4 e5 2. Nf3 Nc6 3. d4 exd4 4. Nxd4 Nxd4 5. Qxd4 Nf6 6. e5 Qe7 7. Be2 Ng8 8.
O-O c5 9. Qd1 Qxe5 10. Bf3 Ne7 11. Re1 Qc7 12. b3 d6 13. Bd5 Bf5 14. Bb2 Qd7
15. a4 O-O-O 16. Bxf7 d5 17. Nd2 h5 18. Nf3 Bg4 19. Qd3 Nc6 20. Ng5 Qf5 21.
Be6+ 1-0

[Event "David Gee TNM"]
[Site "San Francisco"]
[Date "2005.10.11"]
[Round "8"]
[White "Cendejas, Juan"]
[Black "Chan, John"]
[Result "0-1"]
[WhiteElo "1851"]
[BlackElo "1644"]
[PlyCount "104"]
[EventDate "2005.08.23"]
[EventType "swiss"]
[EventRounds "8"]
[EventCountry "USA"]

1. e4 d6 2. d4 Nf6 3. Nc3 e6 4. f4 Be7 5. Nf3 a6 6. Bd3 h6 7. O-O Nc6 8. a3 b5
9. Ne2 Bb7 10. Ng3 Rc8 11. c3 Na5 12. Re1 O-O 13. e5 Nd7 14. f5 Bxf3 15. Qxf3
dxe5 16. dxe5 Bc5+ 17. Kh1 Nb3 18. Rb1 Nxc1 19. Rbxc1 c6 20. fxe6 fxe6 21. Qe4
Rf2 22. Qh7+ Kf8 23. Bg6 Nxe5 24. Qh8+ Ke7 25. Qxg7+ Nf7 26. Nf5+ Rxf5 27. Bxf5
Qf8 28. Rxe6+ Kd8 29. Rd1+ Kc7 30. Qg6 Kb6 31. Rd7 a5 32. Be4 Ne5 33. Qf5 Qxf5
34. Bxf5 Nxd7 35. Rxh6 Rf8 36. g4 Ne5 37. Re6 Nc4 38. b4 axb4 39. axb4 Bf2 40.
Kg2 Bh4 41. Rh6 Bf6 42. Be4 Ne3+ 43. Kg3 Be5+ 44. Kh3 Rh8 45. Bh7 Bxc3 46. g5
Bxb4 47. g6 Bf8 48. Rh4 Nd5 49. Kg4 Bg7 50. Kf5 Rf8+ 51. Ke6 Kc7 52. Rh3 Rf6+
0-1

[Event "David Gee TNM"]
[Site "San Francisco"]
[Date "2005.10.11"]
[Round "8"]
[White "Chen, Mingson"]
[Black "Sainz, Guadalupe"]
[Result "1-0"]
[WhiteElo "1934"]
[BlackElo "1705"]
[PlyCount "81"]
[EventDate "2005.08.23"]
[EventType "swiss"]
[EventRounds "8"]
[EventCountry "USA"]

1. c4 Nf6 2. Nc3 e6 3. d4 Bb4 4. Qc2 c5 5. dxc5 Na6 6. Bd2 Nxc5 7. Nf3 b6 8. e3
Bb7 9. Be2 O-O 10. O-O Bxc3 11. Bxc3 Nfe4 12. Rad1 Nxc3 13. Qxc3 Ne4 14. Qd4 d6
15. Nd2 e5 16. Qd3 Nc5 17. Qc2 f5 18. b4 Qg5 19. Nf3 Bxf3 20. Bxf3 e4 21. Be2
Nb7 22. Rd5 Rf6 23. Qxe4 fxe4 24. Rxg5 Raf8 25. f4 Nd8 26. Rd1 Nc6 27. c5 dxc5
28. bxc5 h6 29. Rgd5 Ne7 30. Rd7 Nf5 31. Kf2 g5 32. Bc4+ Kh8 33. Rxa7 gxf4 34.
exf4 Ng7 35. g3 Rc8 36. Rdd7 Rxc5 37. Bb3 e3+ 38. Ke2 Ne6 39. Rh7+ Kg8 40. Rhe7
Rc6 41. Ra8+ 1-0

[Event "David Gee TNM"]
[Site "San Francisco"]
[Date "2005.10.11"]
[Round "8"]
[White "Dunham, Tom"]
[Black "Crawford, Gareth"]
[Result "1/2-1/2"]
[WhiteElo "1206"]
[BlackElo "1336"]
[PlyCount "107"]
[EventDate "2005.08.23"]
[EventType "swiss"]
[EventRounds "8"]
[EventCountry "USA"]

1. e4 e5 2. Nf3 Nc6 3. d4 exd4 4. Nxd4 g6 5. Nxc6 bxc6 6. c4 Bg7 7. Bd3 d6 8.
O-O Nf6 9. Nc3 O-O 10. Qc2 Ng4 11. f4 Qh4 12. g3 Bd4+ 13. Kh1 Qh5 14. Qe2 Re8
15. Bd2 Bf5 16. h4 Bf6 17. Qg2 Bd7 18. Rae1 Rab8 19. b3 Bg7 20. Be2 Bxc3 21.
Bxc3 c5 22. Bf3 f5 23. Qb2 Qh6 24. Bxg4 fxg4 25. Re2 Bc6 26. Rfe1 Qf8 27. Kg1
Qf7 28. Qd2 Bd7 29. e5 Qf8 30. e6 Bc6 31. e7 Qf7 32. Re6 Qf5 33. Rf6 Qd7 34.
Qe3 Ra8 35. Qe6+ Qxe6 36. Rexe6 Bd7 37. Rf8+ Rxf8 38. exf8=Q+ Rxf8 39. Re7 Rf7
40. Re3 Kf8 41. Kf2 Re7 42. a4 Bf5 43. Ba5 c6 44. b4 Rxe3 45. Kxe3 Bc2 46. bxc5
dxc5 47. Bc7 Bxa4 48. Bd6+ Kf7 49. Bxc5 a6 50. Kd4 Ke6 51. Ke4 Bc2+ 52. Kd4 Kf5
53. Bb6 Bb3 54. c5 1/2-1/2

[Event "David Gee TNM"]
[Site "San Francisco"]
[Date "2005.10.11"]
[Round "8"]
[White "Dupree, Charles"]
[Black "Russell, Joe"]
[Result "0-1"]
[WhiteElo "1896"]
[BlackElo "1343"]
[PlyCount "34"]
[EventDate "2005.08.23"]
[EventType "swiss"]
[EventRounds "8"]
[EventCountry "USA"]

1. e4 e5 2. f4 exf4 3. Nf3 g5 4. h4 g4 5. Ne5 Qe7 6. d4 d6 7. Nxg4 Qxe4+ 8. Qe2
Qxe2+ 9. Bxe2 Nc6 10. c3 f5 11. Nf2 Nf6 12. Bxf4 Be6 13. Nd2 Bg7 14. b3 $2 Nd5
15. Nh3 Nxc3 16. Bh5+ Kd7 17. a3 Nxd4 0-1

[Event "David Gee TNM"]
[Site "San Francisco"]
[Date "2005.10.11"]
[Round "8"]
[White "Hilliard, Michael"]
[Black "Woebcke, Carl"]
[Result "1/2-1/2"]
[WhiteElo "1436"]
[BlackElo "1751"]
[PlyCount "103"]
[EventDate "2005.08.23"]
[EventType "swiss"]
[EventRounds "8"]
[EventCountry "USA"]

1. d4 d5 2. Nf3 Bg4 3. Ne5 Bd7 4. e3 Nc6 5. f4 Nxe5 6. fxe5 Bf5 7. Nc3 e6 8.
Bd3 Qh4+ 9. g3 Qh3 10. Bf1 Qg4 11. Qxg4 Bxg4 12. Bg2 O-O-O 13. h3 Bf5 14. e4
dxe4 15. Be3 Bb4 16. g4 Bg6 17. g5 Ne7 18. O-O-O Nf5 19. Rhe1 Nh4 20. Bh1 Bh5
21. Rd2 Nf3 22. Bxf3 Bxf3 23. a3 Bxc3 24. bxc3 h6 25. h4 hxg5 26. Bxg5 Rdf8 27.
Rh2 f6 28. Bf4 g5 29. hxg5 Rxh2 30. Bxh2 fxg5 31. c4 Rh8 32. Bg1 c6 33. a4 g4
34. Kd2 g3 35. Ke3 Rf8 36. Rb1 Bg2 37. d5 cxd5 38. cxd5 exd5 39. Kd4 Rd8 40.
Be3 Bh3 41. Rb5 Be6 42. Kc3 Rf8 43. Rb1 Bh3 44. Kd4 g2 45. Rg1 Rf3 46. c4 dxc4
47. Kxe4 Rf1 48. Bxa7 c3 49. Kd3 Rf3+ 50. Ke4 Rf1 51. Kd3 Rf3+ 52. Ke4 1/2-1/2

[Event "David Gee TNM"]
[Site "San Francisco"]
[Date "2005.10.11"]
[Round "8"]
[White "Hilliard, Michael"]
[Black "Woebcke, Carl"]
[Result "1/2-1/2"]
[WhiteElo "1436"]
[BlackElo "1751"]
[PlyCount "104"]
[EventDate "2005.08.23"]
[EventType "swiss"]
[EventRounds "8"]
[EventCountry "USA"]

1. d4 d5 2. Nf3 Bg4 3. Ne5 Bd7 4. e3 Nc6 5. f4 Nxe5 6. fxe5 Bf5 7. Nc3 e6 8.
Bd3 Qh4+ 9. g3 Qh3 10. Bf1 Qg4 11. Qxg4 Bxg4 12. Bg2 O-O-O 13. h3 Bf5 14. e4
dxe4 15. Be3 Bb4 16. g4 Bg6 17. g5 Ne7 18. O-O-O Nf5 19. Rhe1 Nh4 20. Bh1 Bh5
21. Rd2 Nf3 22. Bxf3 Bxf3 23. a3 Bxc3 24. bxc3 h6 25. h4 hxg5 26. Bxg5 Rdf8 27.
Rh2 f6 28. Bf4 g5 29. hxg5 Rxh2 30. Bxh2 fxg5 31. c4 Rh8 32. Bg1 c6 33. a4 g4
34. Kd2 g3 35. Ke3 Rf8 36. Rb1 Bg2 37. d5 cxd5 38. cxd5 exd5 39. Kd4 Rd8 40.
Be3 Bh3 41. Rb5 Be6 42. Kc3 Rf8 43. Rb1 Bh3 44. Kd4 g2 45. Rg1 Rf3 46. c4 dxc4
47. Kxe4 Rf1 48. Bxa7 c3 (48... Bf5+ 49. Kd5 Rxg1 50. Bxg1 c3) 49. Kd3 Rf3+ 50.
Ke4 Rf1 51. Kd3 Rf3+ 52. Ke4 Rf1 1/2-1/2

[Event "David Gee TNM"]
[Site "San Francisco"]
[Date "2005.10.11"]
[Round "8"]
[White "Jones, Ian"]
[Black "Samatra, Mario"]
[Result "1-0"]
[WhiteElo "1659"]
[BlackElo "1900"]
[PlyCount "111"]
[EventDate "2005.08.23"]
[EventType "swiss"]
[EventRounds "8"]
[EventCountry "USA"]

1. e4 c6 2. d4 d5 3. Nc3 dxe4 4. Nxe4 Nd7 5. Bd3 Ngf6 6. Ng5 Nb6 7. N1f3 h6 8.
Ne4 Bg4 9. Nxf6+ gxf6 10. Be2 e6 11. h3 Bh5 12. g4 Bg6 13. Bd3 Bxd3 14. Qxd3
Qd5 15. Bd2 O-O-O 16. b3 Be7 17. O-O-O c5 18. dxc5 Bxc5 19. Qe2 Qc6 20. Be3
Ba3+ 21. Kb1 Qc3 22. Bc1 Bxc1 23. Rxc1 Rd5 24. Rhd1 Rhd8 25. Rd3 Qb4 26. Rcd1
Rxd3 27. Rxd3 Nd5 28. Qd2 Qxd2 29. Nxd2 b5 30. c4 bxc4 31. Nxc4 Kc7 32. Rf3 Kd7
33. a3 e5 34. Rd3 Ke7 35. Ne3 Nxe3 36. Rxd8 Kxd8 37. fxe3 Kd7 38. Kc2 Kd6 39.
e4 Kc5 40. Kc3 a5 41. b4+ axb4+ 42. axb4+ Kb5 43. Kb3 f5 44. gxf5 f6 45. h4 h5
46. Kc3 Kb6 47. Kc4 Kc6 48. b5+ Kb6 49. Kb4 Kc7 50. Kc5 Kb8 51. b6 Kb7 52. Kb5
Kb8 53. Kc6 Kc8 54. b7+ Kb8 55. Kd6 Kxb7 56. Ke6 1-0

[Event "David Gee TNM"]
[Site "San Francisco"]
[Date "2005.10.11"]
[Round "8"]
[White "Litowsky, Dan"]
[Black "Drane, Robert"]
[Result "0-1"]
[WhiteElo "1700"]
[BlackElo "1853"]
[PlyCount "112"]
[EventDate "2005.08.23"]
[EventType "swiss"]
[EventRounds "8"]
[EventCountry "USA"]

1. e4 Nf6 2. Nc3 d5 3. e5 Ne4 4. Nxe4 dxe4 5. d4 exd3 6. Bxd3 Qd5 7. Bf4 Qxg2
8. Qf3 Qxf3 9. Nxf3 Bg4 10. Be4 c6 11. O-O-O e6 12. Rd3 Nd7 13. Nd2 Nc5 14. Rg3
Bf5 15. Bxf5 exf5 16. Be3 g6 17. f4 b5 18. Bd4 Ne6 19. Be3 O-O-O 20. Nb3 a6 21.
h4 Bg7 22. Rf1 h5 23. Bb6 Rd5 24. Na5 Kd7 25. c4 bxc4 26. Nxc4 Rb8 27. Ba7 Rb7
28. Nb6+ Rxb6 29. Bxb6 Nxf4 30. Ra3 Bxe5 31. Rxa6 Nd3+ 32. Kb1 Nxb2 33. Ra7+
Ke6 34. Rc1 Rb5 35. Rxc6+ Kd5 36. Rc5+ Rxc5 37. Bxc5 Kxc5 38. Rxf7 Nc4 39. Kc2
Ne3+ 40. Kd3 Ng2 41. a4 Nxh4 42. a5 Kb5 43. Rd7 Bg3 44. Rd5+ Ka6 45. Ke2 g5 46.
Ke3 Bc7 47. Kf2 Bxa5 48. Rd6+ Kb5 49. Rh6 Bd2 50. Rxh5 Kc5 51. Ke2 Bf4 52. Rh8
Kd4 53. Rd8+ Ke4 54. Re8+ Be5 55. Ra8 g4 56. Ra4+ Bd4 0-1

[Event "David Gee TNM"]
[Site "San Francisco"]
[Date "2005.10.11"]
[Round "8"]
[White "Luke, Gary"]
[Black "D'Aloisio, Tony"]
[Result "0-1"]
[WhiteElo "1820"]
[BlackElo "2210"]
[PlyCount "82"]
[EventDate "2005.08.23"]
[EventType "swiss"]
[EventRounds "8"]
[EventCountry "USA"]

1. d4 Nf6 2. Nf3 g6 3. g3 Bg7 4. Bg2 O-O 5. O-O d6 6. Nbd2 Nc6 7. c3 e5 8. dxe5
dxe5 9. e4 Qe7 10. Qb3 Rb8 11. Re1 Be6 12. Qb5 a6 13. Qe2 Nd7 14. Nb3 b5 15.
Be3 a5 16. Ng5 Bc4 17. Qc2 f6 18. Nf3 a4 19. Nbd2 Be6 20. b3 axb3 21. axb3 Nc5
22. Bf1 Rfd8 23. c4 b4 24. Rab1 Ra8 25. Ra1 Ra3 26. Ra2 Rda8 27. Rea1 Bf8 28.
Nb1 Nxb3 29. Rxa3 Nxa1 30. Rxa8 Nxc2 31. Bh6 Nd8 32. Bxf8 Kxf8 33. Bd3 Nd4 34.
Nxd4 exd4 35. Nd2 Kg7 36. Nb3 Nc6 37. f4 g5 38. Ra6 Bd7 39. Kf2 gxf4 40. gxf4
f5 41. exf5 Qe3+ 0-1

[Event "David Gee TNM"]
[Site "San Francisco"]
[Date "2005.10.11"]
[Round "8"]
[White "Naroditsky, Daniel"]
[Black "Chalissery, Jossy"]
[Result "1-0"]
[WhiteElo "1872"]
[BlackElo "1649"]
[PlyCount "44"]
[EventDate "2005.08.23"]
[EventType "swiss"]
[EventRounds "8"]
[EventCountry "USA"]

1. e4 d5 2. exd5 Qxd5 3. Nc3 Qa5 4. d4 Nf6 5. Nf3 c6 6. Bc4 Bf5 7. Bd2 e6 8.
O-O Bb4 9. Ne5 Nbd7 10. Nxd7 Nxd7 11. a3 Bxc3 12. Bxc3 Qc7 13. Bd3 Bxd3 14.
Qxd3 Nf6 15. Rfe1 O-O 16. Re3 Nd5 17. Rg3 Nxc3 18. Qxc3 g6 19. Qe3 Qe7 20. Re1
Rfd8 21. c3 Rd5 22. Qh6 Rh5 $4 1-0

[Event "David Gee TNM"]
[Site "San Francisco"]
[Date "2005.10.11"]
[Round "8"]
[White "Nochomovitz, Yigal"]
[Black "Naroditsky, Alan"]
[Result "1-0"]
[WhiteElo "1715"]
[BlackElo "1681"]
[PlyCount "59"]
[EventDate "2005.08.23"]
[EventType "swiss"]
[EventRounds "8"]
[EventCountry "USA"]

1. f4 Nf6 2. Nf3 b6 3. d3 e6 4. e4 Bb7 5. Be2 d5 6. e5 Nfd7 7. O-O c5 8. a4 Nc6
9. Qe1 Nb4 10. Na3 Ba6 11. Qg3 Qc7 12. Ng5 g6 13. Bd2 Nc6 14. c3 Ne7 15. Rac1
Nf5 16. Qh3 h6 17. g4 Ne7 18. c4 Bg7 19. Nf3 d4 20. b4 O-O-O 21. bxc5 bxc5 22.
Nb5 Bxb5 23. axb5 g5 24. Ra1 gxf4 25. Ra6 Kb8 26. Rfa1 Nc8 27. Ba5 Ndb6 28.
Bxb6 axb6 29. Ra8+ Kb7 30. Qg2 1-0

[Event "David Gee TNM"]
[Site "San Francisco"]
[Date "2005.10.11"]
[Round "8"]
[White "Ossipov, Victor"]
[Black "Rich, Albert"]
[Result "0-1"]
[WhiteElo "2157"]
[BlackElo "2219"]
[PlyCount "92"]
[EventDate "2005.08.23"]
[EventType "swiss"]
[EventRounds "8"]
[EventCountry "USA"]

1. d4 d5 2. Nf3 Nf6 3. Bf4 c5 4. e3 Nc6 5. c3 Qb6 6. Qb3 c4 7. Qxb6 axb6 8. Na3
Ra5 9. Bc7 Kd7 10. Bxb6 Ra6 11. Bc5 b6 12. Bb4 Nxb4 13. Ne5+ Ke8 14. cxb4 e6
15. Nc2 Nd7 16. f4 Nxe5 17. fxe5 f6 18. exf6 gxf6 19. Be2 Bd6 20. Kd2 Ke7 21.
a3 Bd7 22. Raf1 Raa8 23. Bf3 Bc6 24. g3 h5 25. Re1 f5 26. Reg1 Rag8 27. Rg2 h4
28. gxh4 Rxg2+ 29. Bxg2 Rxh4 30. h3 f4 31. Ne1 fxe3+ 32. Kxe3 e5 33. Nf3 Re4+
34. Kd2 exd4 35. b5 Bxb5 36. Kc1 Bf4+ 37. Kb1 Kd6 38. Nh4 Re2 39. Bf3 Rh2 40.
Rxh2 Bxh2 41. Nf5+ Ke5 42. Ne7 d3 43. h4 Ba4 44. h5 Bc2+ 45. Ka1 Kf4 46. h6
Kxf3 0-1

[Event "David Gee TNM"]
[Site "San Francisco"]
[Date "2005.10.11"]
[Round "8"]
[White "Riese, Kayven"]
[Black "Perepelitsky, Edward"]
[Result "0-1"]
[WhiteElo "1865"]
[BlackElo "1974"]
[PlyCount "64"]
[EventDate "2005.08.23"]
[EventType "swiss"]
[EventRounds "8"]
[EventCountry "USA"]

1. e4 c5 2. Nf3 d6 3. d4 cxd4 4. Nxd4 Nf6 5. Nc3 a6 6. Bg5 e6 7. f4 Qc7 8. Qf3
Be7 9. O-O-O O-O 10. g4 Nc6 11. Nb3 Bd7 12. Kb1 b5 13. Bd3 Nb4 14. h4 Rfc8 15.
Rc1 Qb8 16. Rhe1 h6 17. e5 Bc6 18. Qh3 dxe5 19. fxe5 Nxd3 20. cxd3 hxg5 21.
hxg5 Nh7 22. g6 fxg6 23. Rh1 Bxh1 24. Rxh1 Qxe5 25. Qxh7+ Kf7 26. Rf1+ Bf6 27.
Qh3 Rxc3 28. bxc3 Qxc3 29. Rxf6+ Qxf6 30. Qg2 Ra7 31. g5 Qf5 32. Qe2 Rd7 0-1